000 00625nam a2200229Ia 4500
003 OSt
005 20230418100041.0
008 210423s2011 xx 000 0 und d
020 _a9788131604052
040 _cAL
041 _aeng
082 _a331.255 GANK
100 _aGANGADHARAN (K)
_989725
245 _aHealth and development: the millennium perspectives
260 _aJaipur
_bRawat Publications
_c2011
300 _axiv,332
_bPB
365 _b825
_cINR
650 _aEconomics
_989726
650 _aLabour Economics
_989727
906 _adevelopment: ; Health ; millennium ; perspectives
942 _2ddc
_cBK
999 _c160006
_d160006